| Tag |
First Indicator |
Second Indicator |
Subfields |
| LEADER |
00000cam a2200000 4500 |
| 001 |
in00000055917 |
| 005 |
20151008052330.0 |
| 008 |
761229s1946 nyu 00000 eng |
| 010 |
|
|
|a 46025047
|
| 035 |
|
|
|a (OCoLC)02652908
|
| 035 |
|
|
|9 AAH2864AM
|
| 040 |
|
|
|a DLC
|c OHI
|d TXA
|d UtOrBLW
|
| 049 |
|
|
|a TXAM
|c [133132]
|
| 050 |
0 |
0 |
|a HF5381
|b .F49
|
| 082 |
0 |
|
|a 371.425
|
| 092 |
|
|
|a 371.425
|b F541v
|
| 100 |
1 |
|
|a Fiske, Edward Reynolds,
|d 1905-
|
| 245 |
1 |
4 |
|a The veterans' best opportunities ;
|b with basic business principles and their application /
|c by Lt. Commander Edward R. Fiske...
|
| 264 |
|
1 |
|a New York :
|b Essential books, Duell, Sloan and Pearce,
|c [1946]
|
| 300 |
|
|
|a xi, 324 pages :
|b diagram ;
|c 21 cm.
|
| 336 |
|
|
|a text
|b txt
|2 rdacontent
|
| 337 |
|
|
|a unmediated
|b n
|2 rdamedia
|
| 338 |
|
|
|a volume
|b nc
|2 rdacarrier
|
| 500 |
|
|
|a Includes contributions (pages 129-324) by leaders in many fields and industries.
|
| 504 |
|
|
|a Includes bibliographies.
|
| 650 |
|
0 |
|a Vocational guidance.
|
| 650 |
|
0 |
|a Veterans
|x Employment
|z United States.
|
| 650 |
|
0 |
|a Occupations.
|
| 999 |
|
|
|a MARS
|
| 999 |
f |
f |
|s dd39b967-14b3-38e6-9abe-e0fcf5e5f842
|i 1ad87b61-c579-3710-a01b-61039e3394bd
|t 0
|
| 952 |
f |
f |
|p ric
|a Texas A&M University
|b Rellis Campus
|c Joint Library Facility
|d Remote Storage
|t 0
|e HF5381 .F49
|h Library of Congress classification
|i unmediated -- volume
|m A14800840902
|
| 998 |
f |
f |
|a HF5381 .F49
|t 0
|l Remote Storage
|